| 000 | 00000nam##2200000za#4500 |
| 001 | 9.697348 |
| 003 | CaOODSP |
| 005 | 20210624235435 |
| 007 | cr ||||||||||| |
| 008 | 150407|2004||||xxc|||||o f|0| 0 eng|d |
| 040 | |aCaOODSP|beng |
| 043 | |an-cn--- |
| 086 | 1 |aA22-562/2004E-PDF |
| 110 | 1 |aCanada.|bAgriculture and Agri-Food Canada. |bMarket and Industry Services Branch. |
| 245 | 10|aCanada's third progress report on food security in response to the World Food Summit plan of action |h[electronic resource] |
| 260 | |aOttawa - Ontario : |bAgriculture and Agri-Food Canada. |cNovember 2004. |
| 300 | |a76p.|btables |
| 590 | |a13-05-Supp|b2013-02-27 |
| 690 | 07|aFood supply|2gcpds |
| 690 | 07|aHunger|2gcpds |
| 775 | 08|tTroisième rapport d'étape du Canada sur la sécurité alimentaire en réponse au Plan d'action du Sommet mondial de l'alimentation |w(CaOODSP)9.641402 |
| 856 | 40|ahttp://publications.gc.ca|qPDF|s357 KB|uhttps://publications.gc.ca/collections/collection_2013/aac-aafc/A22-562-2004-eng.pdf |